000 00441nam a2200157Ia 4500
008 241217s9999||||xx |||||||||||||| ||und||
020 _a9781568846057
_c46.6
040 _beng
_cSSK Library
_erda
082 _a005.3684 HAR
100 _a Greg Harvey -
245 0 _aMore Excel For Windows 95 For Dummies
260 _b Idg Books Worldwide
_c©1996
942 _2Dewey Decimal Classification
_cBOOK
_nNo
999 _c23530
_d23530
003 OSt
005 20241217112905.0